000 00812cad a22002415a 4500
001 L158948
008 121219e2015 xxk 000 0 eng d
035 _a(Sirsi) u158948
041 0 _aeng
100 1 _aThornhill, A.
245 0 4 _aThe value of green
_h[electronic resource]
260 _c2015
490 _aRICS Property Journal
_vNovember 2015, 20-21(2)
520 _aExplains some of the unique issues in valuing renewable energy projects.
650 2 4 _aRENEWABLE ENERGY
650 2 4 _aPROJECT FUNDING
651 4 _aUnited Kingdom
_y
690 _aValuation
_96273
700 1 _aHeuff, Mark
710 _aRoyal Institution of Chartered Surveyors
_94900
856 4 0 _uhttps://www.rics.org/uk/news/journals/property-journal
_zView the journal free of charge at www.rics.org/journals...
942 _n0
999 _c84743
_d84743